Japanese theatre and the international stage

Збережено в:
Бібліографічні деталі
Автори: Scholz-Cionca, Stanca (Автор), Leiter, Samuel L (Автор)
Формат: Книга
Мова:Англійська
Опубліковано: Leiden Brill 2001
Серія:Brill's Japanese Studies Library, 12
Предмети:
Теги: Додати тег
Немає тегів, Будьте першим, хто поставить тег для цього запису!

MARC

LEADER 00000nam a2200000 a 4500
001 UCI1362
003 CL-VaPUC
008 070629e20010000NE |||||||||||||||||eng|d
020 |a 9004120114 
082 0 4 |a 792.0952  |b SCH  |2 21 
100 0 |a Scholz-Cionca, Stanca  |e author  |9 521825 
700 0 |a Leiter, Samuel L  |e author  |9 521826 
245 1 0 |a Japanese theatre and the international stage 
300 |a 464 p 
942 |c BK 
945 |d 20070629 00:00:00  |a rbrito 
260 |a Leiden  |b Brill  |c 2001 
650 7 |a TEATRO JAPONES  |2 CL-VaPUC  |9 266545 
650 0 |a Historia y crítica   |9 257407 
650 0 |a Crítica literaria   |9 269189 
650 7 |a DRAMAS JAPONESES  |2 CL-VaPUC  |9 267788 
650 0 |a Congresos  |9 257560 
651 0 |a Japón   |9 260391 
583 |a last modification  |c 20070629 00:00:00  |k Rodrigo Vera 
490 0 |a Brill's Japanese Studies Library, 12 
999 |c 326191  |d 326189 
952 |0 0  |1 0  |4 0  |6 792_095200000000000_SCH_2001  |7 0  |8 A  |9 407953  |a BIBGIM  |b BIBGIM  |d 2019-11-22  |i 421207K  |o 792.0952 SCH 2001  |p 421207K  |r 2025-01-15  |w 2019-11-22  |y BK  |k ORI